Soul Eater Quiz - Statistics

General Stats
  • This quiz has been taken 79 times
  • The average score is 14 of 29
Answer Stats
Hint Answer % Correct
The main character Maka Albarn
98%
The main character's weapon (scythe) Soul Evans
98%
The Grim Reaper's son who is obsessed with symmetry Death the Kid
96%
Wants to surpass God Black★Star
93%
Black Star's soft hearted weapon Tsubaki Nakatsukasa
85%
The twin of the person above this Patricia "Patty" Thompson
84%
A professor and meister in the DWMA Franken Stein
80%
Pink haired shy person Crona
75%
Snake Arrow Witch Medusa Gorgon
64%
The death scythe who always has his earphones on Justin Law
62%
The Grim Reaper and the head of the DWMA Lord Death
60%
The Grim Reaper's main death scythe and the father of the main character Spirit Albarn
60%
The weapon of the person above this, the oldest twin Elizabeth "Liz" Thompson
58%
Cat who's a witch Blair
53%
The kishin that the main character defeated Asura
45%
The death scythe who has blonde hair and an black eyepatch Marie Mjölnir
44%
Shares a body with the person above Ragnarok
42%
Black Star's father White☆Star
42%
Spider Witch Arachne
40%
Infinite one sword style Mifune
29%
Immortal Free
27%
Forced to work for Medusa, also a frog Eruka Frog
22%
The death scythe with black hair and glasses Azusa Yumi
20%
Chi Chi Chi Mizune Sisters
16%
Best grades, smart alec Ox Ford
15%
Fire and Thunder Fist boy Kilik Rung
13%
Smart alec's weapon Harvar D. Eclair
11%
Tsubaki's Brother Masamune Nakatsukasa
11%
Devil in Soul, caused by the black blood Little Ogre
5%
No matching quizzes found
Score Distribution
Percent of People with Each Score
Percentile by Number Answered
Your Score History
You have not taken this quiz